| 000 | 00724nam a22001817a 4500 | ||
|---|---|---|---|
| 005 | 20251108165859.0 | ||
| 008 | 250721s1990 xx 000 0 ara d | ||
| 082 | 1 | 4 | _aم/633.1/ايا |
| 100 | 1 | _aالعبيدي، إياد محمد علي فاضل | |
| 245 | 1 | 0 | _aتأثير النفط الخام على بعض الفعاليات الفسلجية للسيانوبكتريا المكونة للحويصلات المغايرة و أثره على نمو و إنبات الرز / |
| 264 | 1 |
_aبغداد : _bجامعة بغداد، _c1990. |
|
| 300 | _a147ص : ايض | ||
| 500 | _aرسالة ماجستير جامعة بغداد | ||
| 650 | 1 | 7 | _aالحبوب |
| 650 | 1 | 7 | _aالأرز |
| 942 |
_2ddc _cREF |
||
| 999 |
_c33733 _d33733 |
||